International operations management / (Record no. 85852)

MARC details
000 -LEADER
fixed length control field 00684nam a22002057a 4500
005 - DATE AND TIME OF LATEST TRANSACTION
control field 20221214152315.0
010 ## - LCCN (DPL NO)
LC control number ENG-110300 ENG-135862
020 ## - INTERNATIONAL STANDARD BOOK NUMBER
International Standard Book Number 9789351426684
Terms of availability 490.00
035 ## - SYSTEM CONTROL NUMBER
System control number EN-93832
035 ## - SYSTEM CONTROL NUMBER
System control number EN-119393
037 ## - SOURCE OF ACQUISITION
Source of stock number/acquisition DBAD/PUB
082 ## - DEWEY DECIMAL CLASSIFICATION NUMBER
Classification number 658.049
100 ## - MAIN ENTRY--PERSONAL NAME
Personal name Bhat, K.Shridhara
245 ## - TITLE STATEMENT
Title International operations management /
Statement of responsibility, etc by K.Shridhara Bhat ; assisted by Rajesh M. Rao
260 ## - PUBLICATION, DISTRIBUTION, ETC. (IMPRINT)
Place of publication, distribution, etc Mumbai
Name of publisher, distributor, etc Himalaya Publishing House
Date of publication, distribution, etc 2014
270 ## - ADDRESS
Address "Ramdoot", Dr.Bhalerao Marg, Girgaon
City Mumbai
Postal code 400004
300 ## - PHYSICAL DESCRIPTION
Extent 656p.:
Dimensions 28cm(pbk)
Other physical details ill.
500 ## - GENERAL NOTE
General note Includes bibliographical references and index
942 ## - ADDED ENTRY ELEMENTS (KOHA)
Source of classification or shelving scheme Dewey Decimal Classification
Item type English Books
Call number suffix BHA
Classification part 658.049
Holdings
Withdrawn status Lost status Not for loan Collection code Home library Current library Date acquired Source of acquisition Cost, normal purchase price Full call number Barcode Copy number Cost, replacement price Koha item type
      Non-fiction Ashok Vihar Ashok Vihar 14/12/2022 DBAD/PUB 490.00 658.049 BHA EN-119393 1 490.00 English Books
    Not For Loan Non-fiction D.B.Act.Division D.B.Act.Division 30/06/2014 ENG-110300 490.00 658.049 BHA EN-93832 1 490.00 English Books

© Delhi Public Library
Hit Counter
free hit counter